| 000 | 00801nam a2200241 a 4500 | ||
|---|---|---|---|
| 999 |
_c9344 _d9344 |
||
| 001 | 9344 | ||
| 003 | BD-JhCC | ||
| 005 | 20180529095345.0 | ||
| 008 | 180313s1977 bg |||| ||a| 000 0 ben d | ||
| 035 | _a(BD-JhCC)9344 | ||
| 040 |
_aBD-JhCC _dBD-JhCC |
||
| 041 | _aben | ||
| 082 |
_a320.1 _bMAK 1977 |
||
| 100 | _aম্যাকআইভার, আর. এম. | ||
| 245 |
_aআধুনিক রাষ্ট্র / _cআর. এম. ম্যাকআইভার, এমাজউদ্দীন আহমদ (অনূদিত) |
||
| 260 |
_aঢাকা : _bবাংলা একাডেমী, _c1977 |
||
| 300 |
_a447 p. : _c23 p. : |
||
| 650 | _aState | ||
| 650 | _aPolitical Science | ||
| 700 | _aআহমদ, এমাজউদ্দীন | ||
| 942 |
_2ddc _cBK |
||